Glorious History Of Sikhism / (Record no. 195440)

MARC details
000 -LEADER
fixed length control field 00613nam a2200193Ia 4500
005 - DATE AND TIME OF LATEST TRANSACTION
control field 20230328163223.0
010 ## - LCCN (DPL NO)
LC control number ENG-136518
020 ## - INTERNATIONAL STANDARD BOOK NUMBER
Terms of availability 999.00
International Standard Book Number 9789393435064
035 ## - SYSTEM CONTROL NUMBER
System control number EN-120050
037 ## - SOURCE OF ACQUISITION
Source of stock number/acquisition DBAD/PUB
082 ## - DEWEY DECIMAL CLASSIFICATION NUMBER
Classification number 954.63
100 ## - MAIN ENTRY--PERSONAL NAME
Personal name Parinoor
245 ## - TITLE STATEMENT
Title Glorious History Of Sikhism /
Statement of responsibility, etc By Parinoor
250 ## - EDITION STATEMENT
Edition statement First
260 ## - PUBLICATION, DISTRIBUTION, ETC. (IMPRINT)
Date of publication, distribution, etc 2020
Place of publication, distribution, etc Ghaziabad
Name of publisher, distributor, etc Rathore Publishers & Distriburers
270 ## - ADDRESS
Address Basemnt-260, Shaktikand-III, indirapuram
City Uttar Pradesh
Postal code 201010
Telephone number 9958828738
Electronic mail address rathorepublishers@gmail.com
300 ## - PHYSICAL DESCRIPTION
Extent 296p. :
Dimensions 22cm(pbk)
942 ## - ADDED ENTRY ELEMENTS (KOHA)
Item type English Books
Source of classification or shelving scheme Dewey Decimal Classification
Call number suffix PAR
Classification part 954.63
Holdings
Withdrawn status Lost status Not for loan Collection code Home library Current library Date acquired Source of acquisition Cost, normal purchase price Full call number Barcode Copy number Cost, replacement price Koha item type
      Non-fiction Shahdara Branch Shahdara Branch 28/03/2023 DBAD/PUB 999.00 954.63 PAR EN-120050 1 999.00 English Books

© Delhi Public Library
Hit Counter
free hit counter